Statistics for The Ancient Wonders of the World - Picture Quiz

Click here to take the quiz!

General Stats

  • This quiz has been taken 77 times
  • The average score is 3 of 7

Answer Stats

Answer % Correct
Hanging Gardens of Babylon
91%
Great Pyramids of Giza
73%
The Colossus of Rhodes
48%
The Lighthouse of Alexandria
48%
Statue of Zeus at Olympia
37%
The Mausoleum at Halicarnassus
27%
Temple of Artemis at Ephesus
25%

Score Distribution

Percentile by Number Answered

Percent of People with Each Score

Your Score History

You have not taken this quiz